Southville International School and Colleges
Your cart is empty.
  • Cart
  • Lists
    Public lists Eva Luna New books Lux_list list_1
    Your lists Log in to create your own lists
  • Log in to your account
  • Your cookies
  • Search history
Southville International School and Colleges
  • Advanced search
  • Recent comments
  • Most popular
  • Libraries

Log in to your account

Log in with GOOGLE


If you do not have an external account, but do have a local account, you can still log in:

  1. Home
  2. MARC view: A Compilaton on Women
Normal view MARC view ISBD view

A Compilaton on Women (Record no. 248524)

[ view plain ]
MARC details
000 -LEADER
fixed length control field 00886cam a22002893a 4500
001 - CONTROL NUMBER
control field 19269
003 - CONTROL NUMBER IDENTIFIER
control field PGUSA
005 - DATE AND TIME OF LATEST TRANSACTION
control field 20140828083416.0
008 - FIXED-LENGTH DATA ELEMENTS--GENERAL INFORMATION
fixed length control field 060916s2006||||xxu|||||s|||||000 | eng d
040 ## - CATALOGING SOURCE
Original cataloging agency PGUSA
Language of cataloging eng
042 ## - AUTHENTICATION CODE
Authentication code dc
050 #4 - LIBRARY OF CONGRESS CALL NUMBER
Classification number BP
100 1# - MAIN ENTRY--PERSONAL NAME
Personal name Universal House of Justice
245 12 - TITLE STATEMENT
Title A Compilaton on Women
Medium [electronic resource] /
Statement of responsibility, etc Universal House of Justice
260 ## - PUBLICATION, DISTRIBUTION, ETC. (IMPRINT)
Name of publisher, distributor, etc Project Gutenberg,
Date of publication, distribution, etc 2006
506 ## - RESTRICTIONS ON ACCESS NOTE
Terms governing access Copyrighted. Read the copyright notice inside this book for details.
516 ## - TYPE OF COMPUTER FILE OR DATA NOTE
Type of computer file or data note Electronic text
653 ## - INDEX TERM--UNCONTROLLED
Uncontrolled term Bahai Faith
653 ## - INDEX TERM--UNCONTROLLED
Uncontrolled term Women in the Bahai Faith
653 ## - INDEX TERM--UNCONTROLLED
Uncontrolled term Women -- Religious aspects
700 1# - ADDED ENTRY--PERSONAL NAME
Personal name Shoghi, Effendi,
Dates associated with a name 1897-1957
700 1# - ADDED ENTRY--PERSONAL NAME
Personal name Bahá'u'lláh,
Dates associated with a name 1817-1892
700 1# - ADDED ENTRY--PERSONAL NAME
Personal name `Abdu'l-Bahá,
Dates associated with a name 1844-1921
830 #0 - SERIES ADDED ENTRY--UNIFORM TITLE
Uniform title Project Gutenberg
Volume number/sequential designation 19269
856 40 - ELECTRONIC LOCATION AND ACCESS
Uniform Resource Identifier <a href="http://www.gutenberg.org/ebooks/19269">http://www.gutenberg.org/ebooks/19269</a>
942 ## - ADDED ENTRY ELEMENTS (KOHA)
Koha item type eBooks
Holdings
Withdrawn status Lost status Damaged status Home library Current library Date acquired Total Checkouts Date last seen Price effective from Koha item type
      Project Gutenberg Project Gutenberg 08/28/2014   08/28/2014 08/28/2014 eBooks

A Compilaton on Women

APA

Universal House of Justice, Shoghi E., Bahá'u'lláh & `Abdu'l-Bahá. (2006). A Compilaton on Women. : Project Gutenberg.

Chicago

Universal House of Justice, Shoghi Effendi, Bahá'u'lláh and `Abdu'l-Bahá. 2006. A Compilaton on Women. : Project Gutenberg.

Harvard

Universal House of Justice, Shoghi E., Bahá'u'lláh and `Abdu'l-Bahá. (2006). A Compilaton on Women. : Project Gutenberg.

MLA

Universal House of Justice, Shoghi Effendi, Bahá'u'lláh and `Abdu'l-Bahá. A Compilaton on Women. : Project Gutenberg. 2006.

  • Place hold
  • Print
  • Cite
  • Add to your cart (remove)
  • Save record
    BIBTEX Dublin Core MARCXML MARC (non-Unicode/MARC-8) MARC (Unicode/UTF-8) MARC (Unicode/UTF-8, Standard) MODS (XML) RIS
  • More searches
    Search for this title in:
    Other Libraries (WorldCat) Other Databases (Google Scholar) Online Stores (Bookfinder.com) Open Library (openlibrary.org)

Exporting to Dublin Core...

SOUTHVILLE LIBRARY

Southville International School and Colleges Library

1281 Tropical Ave. Cor. Luxembourg St., BF Homes International, Las Pinas City

Tel. No. 8256374 / 252358 Loc. 117/146

Powered by Koha